Después del 68 : (Record no. 14716)

MARC details
000 -CABECERA
campo de control de longitud fija 00763nam a2200217 a 4500
005 - FECHA Y HORA DE LA ÚLTIMA TRANSACCIÓN
campo de control 20231108063626.0
008 - ELEMENTOS DE LONGITUD FIJA--INFORMACIÓN GENERAL
campo de control de longitud fija 991125s1996 mx 000 0 spa u
020 ## - NÚMERO INTERNACIONAL NORMALIZADO PARA LIBROS
Número Internacional Estándar del Libro 9688425680
035 ## - NÚMERO DE CONTROL DEL SISTEMA
Número de control de sistema UPN01000014716
049 ## - COLECCIÓN
Colección CG
050 #4 - SIGNATURA TOPOGRÁFICA DE LA BIBLIOTECA DEL CONGRESO
Número de clasificación LC177 M6
Número de documento/Ítem V3.3
100 1# - ASIENTO PRINCIPAL--NOMBRE PERSONAL
Nombre de persona Varela Petito, Gonzalo,
Fechas asociadas al nombre 1950-
9 (RLIN) 36250
245 10 - MENCIÓN DE TÍTULO
Título Después del 68 :
Resto del título respuestas de la política educativa a la crisis universitaria /
Mención de responsabilidad, etc. Gonzalo Varela Petito.
260 ## - PUBLICACIÓN, DISTRIBUCIÓN, ETC.
Lugar de publicación, distribución, etc. México :
Nombre del editor, distribuidor, etc. M. A. Porrúa :
-- Coordinación de Humanidades,
Fecha de publicación, distribución, etc. 1996.
300 ## - DESCRIPCIÓN FÍSICA
Extensión 177 p.
440 #0 - MENCIÓN DE SERIE/ASIENTO SECUNDARIO--TÍTULO
Título Problemas educativos de México
650 #4 - ASIENTO SECUNDARIO DE MATERIA - TERMINO TEMATICO
Término de materia o nombre geográfico como elemento de entrada Educación superior y Estado
Subdivisión geográfica México
9 (RLIN) 5951
650 #2 - ASIENTO SECUNDARIO DE MATERIA - TERMINO TEMATICO
Término de materia o nombre geográfico como elemento de entrada Movimientos estudiantiles
9 (RLIN) 24999
650 #4 - ASIENTO SECUNDARIO DE MATERIA - TERMINO TEMATICO
Término de materia o nombre geográfico como elemento de entrada Universidades y colegios
Subdivisión geográfica México
9 (RLIN) 11387
905 ## - TIPO DE MATERIAL
Tipo de material Libro
Holdings
Estado de retiro Estado de pérdida Fuente del sistema de clasificación o colocación Estado dañado No para préstamo Código de colección Localización permanente Ubicación/localización actual Ubicación en estantería Fecha de adquisición Total de préstamos Clasificación Código de barras Fecha visto por última vez Fecha del último préstamo Número de copia Tipo de ítem Koha
    Library of Congress Classification     Colección General Bib. Gregorio Torres Quintero Bib. Gregorio Torres Quintero Planta baja 11/11/2022 18 LC177 M6 V3.3 197301 29/11/2023 22/11/2023 1 Libro
    Library of Congress Classification     Colección General Bib. Gregorio Torres Quintero Bib. Gregorio Torres Quintero Planta baja 12/05/2022 13 LC177 M6 V3.3 140491 12/05/2022 12/05/2022 1 Libro
    Library of Congress Classification     Colección General Bib. Gregorio Torres Quintero Bib. Gregorio Torres Quintero Planta baja   10 LC177 M6 V3.3 140489 31/12/2020   1 Libro
    Library of Congress Classification     Colección General Bib. Gregorio Torres Quintero Bib. Gregorio Torres Quintero Planta baja   9 LC177 M6 V3.3 140490 31/12/2020   1 Libro
    Library of Congress Classification     Colección General Bib. Gregorio Torres Quintero Bib. Gregorio Torres Quintero Planta baja   8 LC177 M6 V3.3 209082 31/12/2020   1 Libro
    Library of Congress Classification     Colección General Bib. Gregorio Torres Quintero Bib. Gregorio Torres Quintero Planta baja 16/03/2023 10 LC177 M6 V3.3 187885 30/03/2023 16/03/2023 1 Libro